00723cam a22002293a 450000100060000000300060000600500170001200800410002904000150007004200070008505000070009210000190009924501000011826000290021850600300024751600200027765300220029765300660031965300370038583000290042285600420045133607PGUSA20140828083727.0100902s2010||||xxu|||||s|||||000 1 eng d aPGUSAbeng adc 4aPS1 aBalfour, Grant14aThe Mother of St. Nicholas :bA Story of Duty and Perilh[electronic resource] /cGrant Balfour bProject Gutenberg,c2010 aPublic domain in the USA. aElectronic text aChristian fiction aPersecution -- History -- Early church, ca. 30-600 -- Fiction aPatara (Extinct city) -- Fiction 0aProject Gutenbergv3360740uhttp://www.gutenberg.org/ebooks/33607